Quizzes
Events
Quiz Creation
Community
Videos
Private Events
Remove Ads
Sign In
Join for FREE
Feedback
Dark Mode
Quiz Categories
Sports
Geography
Music
Movies
Television
Just For Fun
Miscellaneous
History
Literature
Language
Science
Gaming
Entertainment
Religion
Holiday
For Kids
Quiz Lab
Recent
Popular Today
Quiz Kudos Today
Editor Picks
Curator Picks
Quizzes by...
Day
Popularity
Type
Ratings
Length
Year
Community
Subscriptions
Recent Discussions
Orange Saloon
Badges
Playlists
Quests
Create
Leaderboards
Showdown
Live 5
Trivia Bingo
Activity
Puzzle Library
Sporcle Events
Private Events
Virtual Trivia
Globe League
Become a Host
Pub Owners
SporcleCon
Opinionation
Our Games
Videos
Blog
Mobile Apps
Partnerships
Remove Ads and Go Orange
Feedback
Sports
Athletes
MLB
NBA
NHL
NFL
Soccer
Sports Teams
WWE
NCAA
Football
Premier League
Basketball
Baseball
Hockey
Golf
Tennis
Cricket
Rugby
Auto Racing
Olympics
World Cup
Sports
Athletes
MLB
NBA
NHL
NFL
Soccer
Sports Teams
WWE
NCAA
Football
Premier League
Basketball
Baseball
Hockey
Golf
Tennis
Cricket
Rugby
Auto Racing
Olympics
World Cup
Random Quiz
Search Sporcle
×
Quiz Lab
Quiz Lab
Sports
World
Type in answers that appear in a list
Type in answers that appear in a list
Classic
Best Score? Go Orange.
Teams Qualified For The World Cup 2010 Stats
Can you name the Teams Qualified For The World Cup 2010?
By
Bainerz45
5m
32 Questions
260 Plays
260 Plays
260 Plays
Comments
Comments
Give Quiz Kudos
Give Quiz Kudos
-
- Ratings
hide this ad
Replay
Link that replays current quiz
Next Quiz
Link to next quiz in quiz playlist
You Got
0%
They Got
Avg Score
86%
Avg Friend Score
Upgrade to see
Score Distribution
Jump to the score distribution portion of the page
Score
0/32
Timer
05:00
0
Plays Today
Qualifying Group
National Team
% Correct
South America
Brazil
98.5%
Host
South Africa
98.5%
North America And Carribean
USA
96.2%
South America
Argentina
96.2%
Europe
England
95.8%
Europe
France
95%
North America And Caribbean
Mexico
95%
Europe
Germany
94.2%
Europe
Spain
93.8%
Europe
Italy
93.1%
Europe
Portugal
93.1%
Asia
Japan
91.9%
Asia
Korea Republic
90.8%
Europe
Netherlands
90.4%
South America
Chile
90.4%
South America
Uruguay
86.9%
Qualifying Group
National Team
% Correct
Asia
Australia
86.2%
South America
Paraguay
84.6%
Africa
Ghana
83.5%
Africa
Cote d'Ivoire
82.7%
Oceania
New Zealand
82.7%
Europe
Greece
81.2%
Europe
Slovakia
81.2%
Asia
Korea DPR
80%
Europe
Slovenia
80%
Europe
Switzerland
78.5%
North America And Caribbean
Honduras
77.7%
Europe
Denmark
76.9%
Africa
Nigeria
76.2%
Africa
Cameroon
75.8%
Africa
Algeria
75%
Europe
Serbia
68.8%
Quiz Playlist
Details
Report
Send in Message
Add To Playlist
Classic:
Type in answers that appear in a list
Last Updated: Feb 16, 2017
Quiz Scoreboard
CHALLENGE
Sign Up to Join the Scoreboard
Show All
Scores
Hide
Comments
May contain spoilers
Recently Published
Movies - When Are They Set?
by FPL_Elf
Movies
5m
Popular People in 1961
by mucciniale
History
6m
1-10 Letter E Words III
by El_Dandy
Language
2m
More to Explore
Quiz From the Vault
Featured Blog Post
Where Did the Easter Bunny Come From?
hide this ad
You Might Also Like...
Tags
World Quiz
2010
cup
Cup Year
group
national
Qualified
Qualifying
team
World Cup 2010
Today's Top Quizzes in Sports
Browse Sports
hide this ad
Today's Top Quizzes in World
Browse World
Top Contributed Quizzes in Sports
1
Les meilleurs buteurs des matchs entre le PSG et l’OM
2
FIFA Club World Cup Champions
3
Les entraîneurs de l'OM et du PSG au 21e siècle
4
2022 World Cup Stars
5
Name the Premier League winners with different clubs
6
La finale Lions - Afrique du Sud 2021
7
Criteria MLB: Left Handed Sluggers
8
Les joueurs passés par le LOSC et le RC Lens
9
Players with Multiple 50 Home Run Seasons
10
MLB Players with Two .350 Batting Average Seasons
Explore More
Trending Topics
Marvel
Crossword
Anime
Disney
Harry Potter
NBA
Kpop
WWE
The Office
Country
NFL
Puzzle
Pokémon
Soccer
Song
hide this ad
More By:
Bainerz45
Quiz
Plays
Rating
Category
Featured
Created
Top 10 Countries With The Most Landmines
1,336
3.81
Geography
Oct 27, 2009
SPFL Glasgow Celtic FC players
1,319
Sports
Feb 14, 2017
Game of Thrones Pictograms
1,202
3.56
Entertainment
Jan 24, 2017
Lisbon Lions
390
3.67
Sports
Oct 12, 2009
FourFourTwo's Top 100 Current Players 2009
347
2.67
Sports
Nov 1, 2009
Go to Creator's Profile
Score Distribution
Quiz Creator Spotlight
Bainerz45
Follow
Send a Message
Quizzes Created
-
Created Quiz Play Count
-
More By This Creator
Popular Quizzes Today
1
Find the Countries of Europe - No Outlines Minefield
2
Find the US States - No Outlines Minefield
3
The Countries of the World
4
Popular People in 1961
5
US States
6
1-10 Letter E Words III
7
Find the US States
8
One Thing in Common: World Cities II
More Sports Quizzes
Premier League 2021/22 (Table)
Quiz Lab
Trending Quizzes
Risky Map Clicking: Least Populous States A-Z
1-10 Letter F Words
Humor Books: The Subtitles
1-10 Letter G Words
One Thing in Common: United Kingdom
Recently Updated
Leaping Animals
pecheneg
Reality TV Shows (A-Z)
bhenderson79
Rickey Henderson's Hall of Fame Teammates
pecheneg
Champions League XIs: Arsenal
pecheneg
Quick Pick: Celebrities in WWE's Hall of Fame
aduchscher
A-Z Keypad Blitz II
pecheneg
Multiple Oscar Actors
pecheneg
Mystery Phrase Blitz: Oscar 'Best Actors'
pecheneg
F. Scott Fitzgerald Novels
LTH
Pick 3 Villains
ddd62291
Trending Topics
Anime
Crossword
Disney
Harry Potter
NBA
Marvel
Kpop
Pokémon
Song
Soccer
NFL
WWE
The Office
Puzzle
Country
Your Account Isn't Verified!
In order to create a playlist on Sporcle, you need to verify the email address you used during registration. Go to your
Sporcle Settings
to finish the process.
Report this User
Report this user for behavior that violates our
Community Guidelines
.
Details:
Send Report
Go to the Sporcle.com Mobile Site →
Comments